| 000 | 00483nam a2200169 a 4500 | ||
|---|---|---|---|
| 005 | 20140414132116.0 | ||
| 008 | 111010s19uu xx 00 eng d | ||
| 020 | _a9781607530688 | ||
| 050 |
_aREF 668.4 _bM83 2011 |
||
| 100 | _aMorris, Neil, 1946- | ||
| 245 |
_aPlastics / _cNeil Morris. |
||
| 260 |
_aMankato, MN : _bAmicus, _cc2011. |
||
| 300 | _a32 p : ill. (chiefly col.) ; 2 | ||
| 440 | _aMaterials that matter | ||
| 650 |
_aPlastics _xJuvenile literature. |
||
| 999 |
_c114908 _d114908 |
||